00550nam a2200181Ia 4500008004100000020001500041041000800056082001900064100001300083245004000096260004700136300000800183365001100191650002400202942001200226999001900238952011100257140306s9999 xx 000 0 und d a818544501x aeng a338.04bAKB/EN aAkbar, M aEnterpreneurship and Indian Muslims aNew DelhibManak Publication Pvt Ltdc1990 a197 bRs.190 aEconomic activities 2ddccBK c184278d184278 00102ddc4070aKAUCBVbKAUCBVd2004-05-03g190.00l0o338.04 AKB/ENr2014-03-22 00:00:00w2014-03-22yBK